The digital divide : standing at the intersection of race and technology

Αποθηκεύτηκε σε:
Λεπτομέρειες βιβλιογραφικής εγγραφής
Κύριος συγγραφέας: Mack, Raneta Lawson 1963-
Μορφή: Βιβλίο
Γλώσσα:English
Δημοσίευση: Durham, North Carolina : Carolina Academic Press, 2001
Θέματα:
Ετικέτες: Προσθήκη ετικέτας
Δεν υπάρχουν, Καταχωρήστε ετικέτα πρώτοι!

MARC

LEADER 00000nam a2200000 i 4500
001 1/64340
008 041029s2001 eng d
020 |a 0-89089-641-0. 
035 |l 10074988 
040 |a GR-MY-UA  |b gre  |e aacr 
041 0 |a eng 
082 0 |a 303.4833 
100 1 |a Mack, Raneta Lawson  |d 1963- 
245 1 4 |a The digital divide :  |b standing at the intersection of race and technology /  |c Raneta Lawson Mack 
260 |a Durham, North Carolina :   |b Carolina Academic Press,   |c 2001 
300 |a 191 p. 
504 |a Includes bibliographical references and index 
650 0 0 |a Information technology  |x Social aspects  |z United States. 
651 0 |a United States  |x Race relations. 
852 |a INST  |b RHODES  |e 20041029  |h 303.4833 MAC  |p 005400018248  |q 005400018248  |t BK  |y 0 
901 |a BIBL4-2004-3 
909 |a Ρ  |b 115132 
922 |a 4ΕΛΗ  |b 200410  |c ΕΠΕΑΕΚ2/ΤΕΠΑΕΣ  |d ΜΙΧΑΛΟΠΟΥΛΟΣ 
950 |a 096-2004-06-17 
970 |a ΚΟΥΛΑΚΙΟΤΗ  |b ΛΙΤΣΑ  |z 2004/10/29